Research and Advanced Technology for Digital Libraries Second European Conference, ECDL'98, Heraklion, Crete, Greece, September 21-23, 1998, Proceedings /

Digital Libraries are complex and advanced forms of information systems which extend and augment their physical counterparts by amplifying existing resources and services and enabling development of new kinds of human problem solving and expression. Their complexity arises from the data-rich domain...

Full description

Bibliographic Details
Corporate Author: SpringerLink (Online service)
Other Authors: Nikolaou, Christos (Editor, http://id.loc.gov/vocabulary/relators/edt), Stephanidis, Constantine (Editor, http://id.loc.gov/vocabulary/relators/edt)
Format: Electronic eBook
Language:English
Published: Berlin, Heidelberg : Springer Berlin Heidelberg : Imprint: Springer, 1998.
Edition:1st ed. 1998.
Series:Lecture Notes in Computer Science, 1513
Subjects:
Online Access:Full Text via HEAL-Link
LEADER 04398nam a2200613 4500
001 978-3-540-49653-3
003 DE-He213
005 20191022032930.0
007 cr nn 008mamaa
008 121227s1998 gw | s |||| 0|eng d
020 |a 9783540496533  |9 978-3-540-49653-3 
024 7 |a 10.1007/3-540-49653-X  |2 doi 
040 |d GrThAP 
050 4 |a QA76.9.D35 
050 4 |a Q350-390 
072 7 |a UMB  |2 bicssc 
072 7 |a COM031000  |2 bisacsh 
072 7 |a UMB  |2 thema 
072 7 |a GPF  |2 thema 
082 0 4 |a 005.73  |2 23 
245 1 0 |a Research and Advanced Technology for Digital Libraries  |h [electronic resource] :  |b Second European Conference, ECDL'98, Heraklion, Crete, Greece, September 21-23, 1998, Proceedings /  |c edited by Christos Nikolaou, Constantine Stephanidis. 
250 |a 1st ed. 1998. 
264 1 |a Berlin, Heidelberg :  |b Springer Berlin Heidelberg :  |b Imprint: Springer,  |c 1998. 
300 |a XXX, 918 p.  |b online resource. 
336 |a text  |b txt  |2 rdacontent 
337 |a computer  |b c  |2 rdamedia 
338 |a online resource  |b cr  |2 rdacarrier 
347 |a text file  |b PDF  |2 rda 
490 1 |a Lecture Notes in Computer Science,  |x 0302-9743 ;  |v 1513 
505 0 |a Invited Talks -- Papers -- Posters -- Panels -- Special Sessions -- Delos Workshop -- Demonstrations. 
520 |a Digital Libraries are complex and advanced forms of information systems which extend and augment their physical counterparts by amplifying existing resources and services and enabling development of new kinds of human problem solving and expression. Their complexity arises from the data-rich domain of discourse as well as from extended demands for multi-disciplinary input, involving distributed systems architectures, structured digital documents, collaboration support, human-computer interaction, information filtering, etc. In addition to the broad range of technical issues, ethics and intellectual property rights add to the complication that is normally associated with the development, maintenance, and use of Digital Libraries. The Second European Conference on Digital Libraries (ECDL'98) builds upon the success of the first of this series of European Conferences on Research and Advanced Technology for Digital Libraries, held last year in Pisa, Italy, September 1-3, 1997. This series of conferences is partially funded by the TMR Programme of the European Commission and is actively supported and promoted by the European Research Consortium on Informatics and Mathematics (ERCIM). The aim is to bring together the different communities involved in the development of Digital Libraries, to review progress and to discuss strategies, research and technological development (RTD) issues, as well as specific topics related to the European context. These communities include professionals from universities, research centres, industry, government agencies, public libraries, etc. 
650 0 |a Data structures (Computer science). 
650 0 |a Computers. 
650 0 |a Computer communication systems. 
650 0 |a Natural language processing (Computer science). 
650 0 |a Information technology. 
650 0 |a Business-Data processing. 
650 1 4 |a Data Structures and Information Theory.  |0 http://scigraph.springernature.com/things/product-market-codes/I15009 
650 2 4 |a Information Systems and Communication Service.  |0 http://scigraph.springernature.com/things/product-market-codes/I18008 
650 2 4 |a Computer Communication Networks.  |0 http://scigraph.springernature.com/things/product-market-codes/I13022 
650 2 4 |a Natural Language Processing (NLP).  |0 http://scigraph.springernature.com/things/product-market-codes/I21040 
650 2 4 |a IT in Business.  |0 http://scigraph.springernature.com/things/product-market-codes/522000 
700 1 |a Nikolaou, Christos.  |e editor.  |4 edt  |4 http://id.loc.gov/vocabulary/relators/edt 
700 1 |a Stephanidis, Constantine.  |e editor.  |4 edt  |4 http://id.loc.gov/vocabulary/relators/edt 
710 2 |a SpringerLink (Online service) 
773 0 |t Springer eBooks 
776 0 8 |i Printed edition:  |z 9783662182819 
776 0 8 |i Printed edition:  |z 9783540651017 
830 0 |a Lecture Notes in Computer Science,  |x 0302-9743 ;  |v 1513 
856 4 0 |u https://doi.org/10.1007/3-540-49653-X  |z Full Text via HEAL-Link 
912 |a ZDB-2-SCS 
912 |a ZDB-2-LNC 
912 |a ZDB-2-BAE 
950 |a Computer Science (Springer-11645)